| 000 | 01927nam a2200265 a 4500 | ||
|---|---|---|---|
| 008 | 130821s2012 ||||||||||||||||| || u | ||
| 020 | _a9780080966656 | ||
| 050 | _aTA 403 Ash | ||
| 100 | _aJones, David R. H. , 1945- | ||
| 245 | 1 | 0 |
_aEngineering materials 1: an introduction to properties, applications and design. (4th edition) _cby Michael F. Ashby and David R. H. Jones |
| 250 | _a4th edition | ||
| 260 |
_aAmsterdam _bElsevier _c2012 |
||
| 300 | _axviii, 472 pages : illustration | ||
| 650 | _aMATERIALS--TEXTBOOKS | ||
| 700 | _aAshby, Michael F | ||
| 995 |
_FCBU-MPIKA LIBRARY _M7 _UAVAILABLE _WNov 25, 2019 _ZShort Loan Collection |
||
| 995 |
_FCBU-MAIN LIBRARY (Kitwe) _M9 _UAVAILABLE _WNov 25, 2019 _ZMain Library Open Access Collection |
||
| 995 |
_FCBU-MAIN LIBRARY (Kitwe) _I53.20 _M4 _UAVAILABLE _WAug 22, 2018 _ZMain Library Open Access Collection |
||
| 995 |
_FCBU-MAIN LIBRARY (Kitwe) _M8 _UAVAILABLE _WNov 25, 2019 _ZShort Loan Collection |
||
| 995 |
_FCBU-MAIN LIBRARY (Kitwe) _M2 _UAVAILABLE _WOct 29, 2013 _ZAnnex Low-Usage Collection |
||
| 995 |
_FCBU-MAIN LIBRARY (Kitwe) _M3 _UAVAILABLE _WOct 29, 2013 _ZAnnex Low-Usage Collection |
||
| 995 |
_FCBU-MAIN LIBRARY (Kitwe) _M1 _UAVAILABLE _WOct 29, 2013 _ZMain Library Open Access Collection |
||
| 995 |
_FCBU-MPIKA LIBRARY _M6 _UAVAILABLE _WNov 25, 2019 _ZShort Loan Collection |
||
| 995 |
_FCBU-MPIKA LIBRARY _M5 _UAVAILABLE _WNov 25, 2019 _ZMain Library Open Access Collection |
||
| 999 |
_c62476 _d62476 |
||